| 000 | 02464nam0a2200397 4500 | ||
|---|---|---|---|
| 001 | RU\NLR\bibl\858888 | ||
| 005 | 20260406030604.0 | ||
| 010 |
_a5-901795-04-0 _bв обл. _950 |
||
| 021 |
_aRU _b2005-32594 _91632 |
||
| 035 | _a(nilc)RSL-KNO-002606052 | ||
| 035 | _a(NLR Aleph) 000847590 | ||
| 090 |
_a1459590 _c1459590 |
||
| 100 | _a20050531d2004 |||y0rusy50 ca | ||
| 101 | 0 | _arus | |
| 102 | _aRU | ||
| 105 | _aa ||||||||| | ||
| 106 | _ar | ||
| 200 | 1 |
_aМоделирование социо-эколого-экономических систем _eучеб. пособие _eдля студентов высших учебных заведений, обучающихся по специальности 061800 "Математические методы в экономике" и другим экономическим специальностям _fВ. И. Гурман, Н. Э. Кульбака, Е. В. Рюмина _gИн-т програм. систем - "Ун-т города Переславля" им. А. К. Айламазяна |
|
| 210 |
_aПереславль-Залесский _cУн-т города Переславля _d2004 _gИПК Моск. Гос. ун-т печати |
||
| 215 |
_a138 с. _cил., табл. _d20 |
||
| 606 | 1 |
_aЭкологические системы _jУчебные издания для высших учебных заведений _xМоделирование _91992755 _3RU\NLR\auth\661200546 |
|
| 606 | 1 |
_aУстойчивого развития концепция _jУчебные издания для высших учебных заведений _yРоссийская Федерация _92270123 _3RU\NLR\auth\661360677 |
|
| 610 | 0 | _aЭкономика -- Экономико-математические методы и модели -- Учебное пособие для высшей школы | |
| 686 |
_aУ.в611я73-1 _2rubbk |
||
| 686 | _aУ28(0)я73 | ||
| 686 | _aУ9(2)-961-314(2Р)я73 | ||
| 700 | 1 |
_4070 _8rus _7ca _aГурман _bВ. И. _f1934- _gВладимир Иосифович _3RU\NLR\auth\77866 _9110903 |
|
| 701 | 1 |
_4070 _aКульбака _bН. Э. _f1964- _gНиколай Элиарович _9134404 _3RU\NLR\AUTH\770134438 |
|
| 701 | 1 |
_aРюмина _bЕ. В. _gЕлена Викторовна _4070 |
|
| 801 | 0 |
_aRU _bRuMoRKP _c20050531 |
|
| 801 | 1 |
_aRU _bRuMoRGB _c20050531 |
|
| 801 | 2 |
_aRU _bNLR _c20051022 _grcr |
|
| 942 | _cBOOK | ||
| 980 | _aNB | ||